000 00407nam a22001577a 4500
003 MPLRDC
005 20220104114055.0
008 210129b ||||| |||| 00| 0 eng d
082 _a844.15 WW-2
100 _a徐玉英选注
245 _a王维诗文选集: 寒山秋水
_c
260 _a
_b新风文化事业公司
_c
300 _b
650 _a唐及五代别集--王维
942 _cBK
_o844.15 WW-2
999 _c4605
_d4595